000 00443nam a2200181Ia 4500
001 5908
003 IN-NITTTR
005 20251114233013.0
008 251113s9999||||xx |||||||||||||| ||eng||
040 _beng
040 _cIN-NITTTR
041 _aeng
082 _a371.425 S76A
100 _aSuper, Donald E.
245 0 _aAppraising vocational fitness. /
_cSuper, Donald E., Crites, John O
700 _a Crites, John O
942 _2ddc
_cBK
999 _c8545
_d8545